| 000 | 01036pam a2200301 4500 | ||
|---|---|---|---|
| 001 | 17077 | ||
| 003 | BD-RjUL | ||
| 005 | 20211209000102.0 | ||
| 008 | 140216s1975 nyua 001 0 eng | ||
| 020 | _a0070099081 | ||
| 035 | _a(BD-RjUL)17134 | ||
| 040 |
_aDLC _cDLC _dDLC _dBD-RjUL _beng |
||
| 041 | _aeng | ||
| 082 | 0 | 0 |
_a808.8 _bCAP |
| 100 | 1 |
_aCarlsen, G. Robert, _d1917- _92648 |
|
| 245 | 1 | 0 |
_aPerception : _bthemes in literature / _c[compiled by] G. Robert Carlsen [and] Ruth Christoffer Carlsen. |
| 250 | _a2d ed. | ||
| 260 |
_aNew York : _bWebster Division, McGraw-Hill, _c c1975. |
||
| 300 |
_a630 p. : _billus. (part col.) ; _c25 cm. |
||
| 490 | 0 | _aThemes and writers series | |
| 504 | _aIncludes index. | ||
| 520 | _aA thematically arranged anthology of poems, short stories, plays, and novellas for the eighth-grade reader. | ||
| 650 | 0 |
_aLiterature, Modern. _951651 |
|
| 650 | 1 |
_aLiterature _xCollections. _922030 |
|
| 700 | 1 |
_aCarlsen, Ruth Christoffer, _9236011 |
|
| 942 |
_2ddc _cBK |
||
| 999 |
_c17077 _d17077 |
||